00488 2200181 4500245004900000020002200049250001100071700002200082100002000104700001100124650002100135005001900156260007500175041001400250084001000264300002300274336000900297 aRei dan Wayang KertascOky E. NoorsarihText a978-602-437-801-1 aCet. 1 aVicky Tito Guizar aOky E. Noorsari aKaniah aCerita Bergambar a20240926124021 aJakartabKementrian Pendidikan, Kebudayaan, Riset, dan Teknologic2019 aIndonesia a741.5 a18 hlm. :c29,7 cm atext